000
00306nam a2200109Ia 4500
008
171211s9999 xx 000 0 und d
245
_a
Forry: The Life of Forrest J Ackerman
245
_c
Deborah Painter
260
_c
2010
650
_x
Biography
856
_u
http://down.ebook777.com/060/9780786448845.pdf
999
_c
349943
_d
349943